000
00318nam a2200121Ia 4500
008
190722s9999 xx 000 0 und d
020
_a
978-1-4522-1686-7
100
_a
John W. Creswell
245
0
_a
30 Essential Skills for the Qualitative Researcher
260
_a
New Delhi
_b
SAGE
_c
2016
300
_a
292
942
_c
BK
999
_c
703
_d
703